000 00686nam a22001815i 4500
001 68410
003 ES-MaACL
005 20230906170258.0
007 t|
008 960805s1896 mx ||||1| spa d
040 _aCAM
_bspa
_cCAM
100 1 _aGarcía Icazbalceta, Joaquín (
_d1825-1894)
_954786
245 1 0 _aCarta acerca del origen de la imagen de Nuestra Señora de Guadalupe de México /
_cescrita por Joaquín García Icazbalceta al ... Arzobispo Pelagio Antonio de Labastida y Dávalos.
260 _aMéxico :
_b[s.n.],
_c1896.
300 _a42, [1] p. ;
_c24 cm.
650 4 _aVirgen de Guadalupe-
_xApariciones y milagros-
_zMéxico.
_9158205
852 _aES-MaACL
_j1571-F-5
999 _c68410
_d68410